| 000 | 01004 a2200277 4500 | ||
|---|---|---|---|
| 003 | Nust | ||
| 005 | 20170207164334.0 | ||
| 010 | _a 2006011480 | ||
| 020 | _a0521676649 (pbk.) | ||
| 020 | _a9780521676649 | ||
| 035 | _a(OCoLC)65978618 | ||
| 035 | _a(OCoLC)ocm65978618 | ||
| 040 | _cNust | ||
| 082 | 0 | 0 | _a355.0335 |
| 100 | 1 | _aStephens, Alan, | |
| 245 | 1 | 0 |
_aMaking sense of war :strategy for the 21st century / _cAlan Stephens and Nicola Baker. |
| 260 |
_aCambridge, UK ; _aNew York : _bCambridge University Press, _c2006. |
||
| 300 |
_axiii, 291 p. ; _c23 cm. |
||
| 538 | _aAlmirah No.53 Shelf No.5 | ||
| 650 | 0 | _aMilitary policy. | |
| 650 | 0 | _aStrategy. | |
| 700 | 1 | _aBaker, Nicola, | |
| 856 | 4 | 1 |
_3Contributor biographical information _uhttp://www.loc.gov/catdir/enhancements/fy0732/2006011480-b.html |
| 856 | 4 | 1 |
_3Publisher description _uhttp://www.loc.gov/catdir/enhancements/fy0664/2006011480-d.html |
| 856 | 4 | 1 |
_3Table of contents only _uhttp://www.loc.gov/catdir/toc/ecip0611/2006011480.html |
| 942 |
_2ddc _cBK |
||
| 999 |
_c208655 _d208655 |
||